000 00570nam a2200205Ia 4500
003 GCL
008 140319s9999 xx 000 0 ara d
040 _aGCL /
_cGCL
082 0 4 _a070.486
_bف ص
100 1 _aفاروق ابوزيد
245 1 0 _aالصحافة المتخصصة /
_cفاروق ابوزيد
300 _a223 ص
490 _a
650 0 4 _aالاعلام
650 0 4 _aالصحافة العربية
650 0 4 _aالصحافة الفنية
650 0 4 _aوسائل الاتصال
650 0 4 _aالصحافة والادب
942 _2ddc
_cBK
999 _c37684
_d37684